[Event "Tradewise Gibraltar Masters 16th"]
[Site "Gibraltar"]
[Date "2018.01.24"]
[Round "2.106"]
[White "Janiszewski, Maciej"]
[Black "De Haan, Eric"]
[Result "0-1"]
[WhiteElo "2029"]
[BlackElo "2304"]
[PlyCount "50"]
[EventDate "2018.01.23"]
[EventType "swiss"]
[EventRounds "10"]
[EventCountry "GGB"]
[SourceTitle "BritBase"]
[Source "www.saund.co.uk"]
[SourceDate "2018.02.10"]
[SourceVersion "1"]
[SourceVersionDate "2018.02.10"]
[SourceQuality "1"]

1. d4 Nf6 2. Nc3 d5 3. Bg5 c5 4. Nf3 Ne4 5. Bf4 Qa5 6. Bd2 Nxd2 7. Qxd2 e6 8.
e4 dxe4 9. Nxe4 Qxd2+ 10. Kxd2 cxd4 11. Nxd4 a6 12. f4 Be7 13. g3 O-O 14. Bg2
Rd8 15. Ke3 Bd7 16. c3 Nc6 17. Nb3 Be8 18. h4 a5 19. a4 Rab8 20. Bf1 Na7 21.
Nd4 b6 22. Be2 Nc6 23. Nb5 f5 24. Ng5 Bc5+ 25. Kf3 Bh5+ 0-1

[Event "Tradewise Gibraltar Masters 16th"]
[Site "Gibraltar"]
[Date "2018.01.24"]
[Round "2.107"]
[White "Merario Alarcon, Andres"]
[Black "Hewson, Brian W R"]
[Result "1/2-1/2"]
[WhiteElo "2298"]
[BlackElo "2024"]
[PlyCount "146"]
[EventDate "2018.01.23"]
[EventType "swiss"]
[EventRounds "10"]
[EventCountry "GGB"]
[SourceTitle "BritBase"]
[Source "www.saund.co.uk"]
[SourceDate "2018.02.10"]
[SourceVersion "1"]
[SourceVersionDate "2018.02.10"]
[SourceQuality "1"]

1. d4 d5 2. c4 c6 3. Nf3 Nf6 4. e3 Bf5 5. Nc3 e6 6. Nh4 Bg4 7. Qb3 Qb6 8. h3
Bh5 9. g4 Bg6 10. Nxg6 hxg6 11. g5 Nfd7 12. Bg2 Na6 13. e4 Qxb3 14. axb3 dxc4
15. bxc4 Nb4 16. Kd1 Nd3 17. Ke2 Nxc1+ 18. Rhxc1 e5 19. dxe5 Nxe5 20. b3 Rh4
21. Rf1 Nd7 22. Na4 Bd6 23. Rfd1 Be7 24. Rxd7 Kxd7 25. Nb6+ axb6 26. Rxa8 Bxg5
27. b4 Be7 28. b5 cxb5 29. Ra7 Bc5 30. cxb5 Rf4 31. Bf3 Ke6 32. Rxb7 Ke5 33.
Rd7 Ke6 34. Rd3 Ke7 35. Kf1 f5 36. exf5 gxf5 37. Kg2 g5 38. Rd2 Kf6 39. Re2 Rd4
40. Bb7 Rd8 41. Rc2 Rd4 42. Bf3 Rf4 43. Re2 Rd4 44. Bh5 Re4 45. Rc2 Rb4 46. Be2
Rf4 47. Bd3 Rd4 48. Bc4 Rf4 49. Bd5 Rd4 50. Bc6 Rd6 51. Bb7 Rd7 52. Ba6 Rd4 53.
Bc8 Rd8 54. Bb7 Rd7 55. Bf3 Rd6 56. Bc6 Re6 57. Kf1 Rd6 58. Ke2 Ke5 59. Kf3 Kf6
60. Re2 Re6 61. Ra2 Rd6 62. Ke2 Rd4 63. Kf3 Rd3+ 64. Kg2 Rd6 65. Rc2 Re6 66.
Rc3 Rd6 67. Rf3 Ke5 68. Bb7 Rd8 69. Kf1 Rb8 70. Bc6 Rd8 71. Kg2 Rd2 72. Be8 Rd4
73. Bc6 Rf4 1/2-1/2

[Event "Tradewise Gibraltar Masters 16th"]
[Site "Gibraltar"]
[Date "2018.01.24"]
[Round "2.108"]
[White "Hamer, Martyn"]
[Black "De Francesco, Klaus"]
[Result "0-1"]
[WhiteElo "2020"]
[BlackElo "2287"]
[PlyCount "104"]
[EventDate "2018.01.23"]
[EventType "swiss"]
[EventRounds "10"]
[EventCountry "GGB"]
[SourceTitle "BritBase"]
[Source "www.saund.co.uk"]
[SourceDate "2018.02.10"]
[SourceVersion "1"]
[SourceVersionDate "2018.02.10"]
[SourceQuality "1"]

1. Nf3 Nf6 2. c4 e6 3. g3 a6 4. Bg2 b5 5. b3 Bb7 6. O-O c5 7. e3 Qb6 8. Nc3 Be7
9. a4 b4 10. Ne2 O-O 11. Bb2 Nc6 12. Qc2 h6 13. h3 Na5 14. d3 d5 15. Ne5 Rac8
16. g4 dxc4 17. Nxc4 Nxc4 18. dxc4 Bxg2 19. Kxg2 Qc6+ 20. f3 Nh7 21. Ng3 f5 22.
e4 Bh4 23. Be5 fxg4 24. hxg4 Ng5 25. Rad1 Nf7 26. Bb2 Rcd8 27. Nh5 g6 28. Nf6+
Bxf6 29. Bxf6 Rxd1 30. Rxd1 e5 31. Be7 Re8 32. Bh4 h5 33. gxh5 gxh5 34. Kh2 Kh7
35. Rg1 Rg8 36. Rxg8 Kxg8 37. Qd2 Qd6 38. Qxd6 Nxd6 39. Bf6 Nb7 40. Kg2 Na5 41.
Kf2 Nxb3 42. Ke3 Na5 43. Kd3 Nc6 44. Bg5 Kf7 45. Be3 Nd4 46. f4 exf4 47. Bxf4
Ke6 48. Bg3 Nc6 49. Bf2 Ne5+ 50. Ke2 b3 51. Kd1 Nxc4 52. Bxc5 Ke5 0-1

[Event "Tradewise Gibraltar Masters 16th"]
[Site "Gibraltar"]
[Date "2018.01.24"]
[Round "2.109"]
[White "Bryant, Richard B E"]
[Black "Perez, Flavio"]
[Result "0-1"]
[WhiteElo "2016"]
[BlackElo "2279"]
[PlyCount "58"]
[EventDate "2018.01.23"]
[EventType "swiss"]
[EventRounds "10"]
[EventCountry "GGB"]
[SourceTitle "BritBase"]
[Source "www.saund.co.uk"]
[SourceDate "2018.02.10"]
[SourceVersion "1"]
[SourceVersionDate "2018.02.10"]
[SourceQuality "1"]

1. e4 c5 2. Nc3 Nc6 3. f4 g6 4. Nf3 Bg7 5. Bb5 Nd4 6. O-O Nxb5 7. Nxb5 d5 8. e5
a6 9. Nc3 Bg4 10. d4 cxd4 11. Qxd4 Bxf3 12. Rxf3 e6 13. Qf2 Ne7 14. Be3 h5 15.
Rd1 Nf5 16. Bc5 Rc8 17. a4 Qc7 18. b4 Bf8 19. Bxf8 Kxf8 20. Rh3 Kg7 21. Rd2 Qc4
22. Nd1 Qxb4 23. Rb3 Qxa4 24. Rxb7 Rb8 25. Rxb8 Rxb8 26. h3 h4 27. Ne3 Rb1+ 28.
Kh2 Nxe3 29. Qxe3 Qa1 0-1

[Event "Tradewise Gibraltar Masters 16th"]
[Site "Gibraltar"]
[Date "2018.01.24"]
[Round "2.110"]
[White "Bergstrom, Rolf"]
[Black "Sanjuan Garcia, Miguel"]
[Result "1-0"]
[WhiteElo "2276"]
[BlackElo "2019"]
[PlyCount "87"]
[EventDate "2018.01.23"]
[EventType "swiss"]
[EventRounds "10"]
[EventCountry "GGB"]
[SourceTitle "BritBase"]
[Source "www.saund.co.uk"]
[SourceDate "2018.02.10"]
[SourceVersion "1"]
[SourceVersionDate "2018.02.10"]
[SourceQuality "1"]

1. e4 c5 2. Nf3 e6 3. b3 Nf6 4. e5 Nd5 5. Bb2 b6 6. g3 Bb7 7. Bg2 Qc7 8. O-O
Nc6 9. Na3 a6 10. Nc4 f6 11. exf6 gxf6 12. Ng5 O-O-O 13. Nf7 Be7 14. Ne3 Ne5
15. Nxd8 Kxd8 16. f4 Nxe3 17. dxe3 Bxg2 18. Kxg2 Qb7+ 19. Kf2 Nf7 20. Qf3 Kc7
21. Qxb7+ Kxb7 22. e4 Kc6 23. Kf3 Rg8 24. Rad1 Kc7 25. Rf2 Rd8 26. Rfd2 d6 27.
c4 Kc6 28. Bc3 Rd7 29. a3 Rd8 30. b4 Kc7 31. Rb2 Rb8 32. Rdb1 Nd8 33. Ke3 Nc6
34. Kd3 Bd8 35. g4 Rb7 36. Rg1 Kd7 37. g5 e5 38. gxf6 Bxf6 39. Rf2 Ke6 40. Rf3
cxb4 41. axb4 a5 42. b5 Nb8 43. Rh3 exf4 44. Bxf6 1-0

[Event "Tradewise Gibraltar Masters 16th"]
[Site "Gibraltar"]
[Date "2018.01.24"]
[Round "2.111"]
[White "Heinemann, Josefine"]
[Black "Safarian, Alek"]
[Result "1/2-1/2"]
[WhiteElo "2270"]
[BlackElo "2006"]
[PlyCount "117"]
[EventDate "2018.01.23"]
[EventType "swiss"]
[EventRounds "10"]
[EventCountry "GGB"]
[SourceTitle "BritBase"]
[Source "www.saund.co.uk"]
[SourceDate "2018.02.10"]
[SourceVersion "1"]
[SourceVersionDate "2018.02.10"]
[SourceQuality "1"]

1. e4 c5 2. Nf3 d6 3. d4 cxd4 4. Nxd4 Nf6 5. Nc3 g6 6. Be3 Bg7 7. f3 O-O 8. Qd2
Nc6 9. O-O-O d5 10. exd5 Nxd5 11. Nxc6 bxc6 12. Bd4 Nxc3 13. Qxc3 Bh6+ 14. Be3
Bxe3+ 15. Qxe3 Qb6 16. Re1 Be6 17. Qc3 Rab8 18. a3 Rfd8 19. h4 Rd5 20. Rxe6 Rc5
21. Bc4 Rxc4 22. Qxc4 Qxb2+ 23. Kd2 Rd8+ 24. Ke2 fxe6 25. Qxe6+ Kf8 26. Qe4 Rd5
27. Kf2 Rd2+ 28. Kg3 Rxc2 29. Qf4+ Kg7 30. Re1 Rxg2+ 31. Kh3 Re2 32. Rxe2 Qxe2
33. Qd4+ Kg8 34. Kg3 Qe1+ 35. Kg2 Qa5 36. a4 Kf7 37. Qh8 Qh5 38. Qa8 Qa5 39.
Qh8 h5 40. Qh7+ Kf6 41. Qh8+ Kf5 42. Qf8+ Ke6 43. Qg8+ Kd7 44. Qxg6 Qd5 45. Qb1
c5 46. Qb8 Qa2+ 47. Kg3 Qxa4 48. Qb7+ Ke6 49. Qc8+ Qd7 50. Qg8+ Kd6 51. Qh8 Qe6
52. Qb8+ Kd5 53. Qxa7 Qe5+ 54. Kg2 c4 55. Qa5+ Kd4 56. Qd2+ Kc5 57. Qa5+ Kd6
58. Qa6+ Kd5 59. Qa5+ 1/2-1/2

[Event "Tradewise Gibraltar Masters 16th"]
[Site "Gibraltar"]
[Date "2018.01.24"]
[Round "2.112"]
[White "Roman Lopez, Jesus"]
[Black "Antova, Gabriela"]
[Result "1-0"]
[WhiteElo "2008"]
[BlackElo "2260"]
[PlyCount "73"]
[EventDate "2018.01.23"]
[EventType "swiss"]
[EventRounds "10"]
[EventCountry "GGB"]
[SourceTitle "BritBase"]
[Source "www.saund.co.uk"]
[SourceDate "2018.02.10"]
[SourceVersion "1"]
[SourceVersionDate "2018.02.10"]
[SourceQuality "1"]

1. e4 c5 2. d4 cxd4 3. c3 Nf6 4. e5 Nd5 5. Qxd4 e6 6. Nf3 Nc6 7. Qe4 f5 8. Qe2
Bc5 9. g3 O-O 10. c4 Nde7 11. Bg2 Qc7 12. O-O b6 13. Nc3 Bb7 14. a3 a6 15. Rd1
Ng6 16. Bf4 Nxf4 17. gxf4 Rfd8 18. Rd3 Bf8 19. Rad1 Na5 20. Ng5 Bxg2 21. Qh5 h6
22. Qf7+ Kh8 23. Kxg2 Qb7+ 24. Kg1 d6 25. Qg6 hxg5 26. Rh3+ Kg8 27. Qxe6+ Qf7
28. Rh8+ Kxh8 29. Qxf7 dxe5 30. fxe5 Rxd1+ 31. Nxd1 Nc6 32. Qxf5 Nd4 33. Qg4
Rd8 34. Ne3 b5 35. e6 bxc4 36. Qh5+ Kg8 37. Qf7+ 1-0

[Event "Tradewise Gibraltar Masters 16th"]
[Site "Gibraltar"]
[Date "2018.01.24"]
[Round "2.113"]
[White "Meszaros, Andras"]
[Black "Adewole, Adeyinka"]
[Result "1-0"]
[WhiteElo "2258"]
[BlackElo "2001"]
[PlyCount "69"]
[EventDate "2018.01.23"]
[EventType "swiss"]
[EventRounds "10"]
[EventCountry "GGB"]
[SourceTitle "BritBase"]
[Source "www.saund.co.uk"]
[SourceDate "2018.02.10"]
[SourceVersion "1"]
[SourceVersionDate "2018.02.10"]
[SourceQuality "1"]

1. g3 c6 2. e4 g6 3. Bg2 Bg7 4. c4 e5 5. Nc3 d6 6. Nge2 Be6 7. d3 Ne7 8. O-O
Nd7 9. b3 O-O 10. d4 f5 11. dxe5 Nxe5 12. Bb2 fxe4 13. Nxe4 Nf3+ 14. Bxf3 Bxb2
15. Rb1 Be5 16. Ng5 Bf5 17. Be4 Qa5 18. Qc2 d5 19. Bxf5 Rxf5 20. f4 Bh8 21.
Rfe1 Re8 22. Kg2 h6 23. Nf3 Rff8 24. g4 Qc5 25. Rbd1 h5 26. h3 hxg4 27. hxg4
Qe3 28. Qd2 Qe6 29. Kg3 dxc4 30. Ng5 Qd5 31. Qc1 Qa5 32. bxc4 Qxa2 33. Nd4 Bxd4
34. Rxd4 Qb3+ 35. Kg2 {Remaining moves illegible.} 1-0

[Event "Tradewise Gibraltar Masters 16th"]
[Site "Gibraltar"]
[Date "2018.01.24"]
[Round "2.114"]
[White "Redondo Flores, David"]
[Black "Yoo, Christopher Woojin"]
[Result "0-1"]
[WhiteElo "2000"]
[BlackElo "2254"]
[PlyCount "146"]
[EventDate "2018.01.23"]
[EventType "swiss"]
[EventRounds "10"]
[EventCountry "GGB"]
[SourceTitle "BritBase"]
[Source "www.saund.co.uk"]
[SourceDate "2018.02.10"]
[SourceVersion "1"]
[SourceVersionDate "2018.02.10"]
[SourceQuality "1"]

1. e4 c5 2. Nf3 d6 3. d4 cxd4 4. Nxd4 Nf6 5. Nc3 a6 6. a4 e5 7. Nf3 Be7 8. Bc4
Be6 9. Qe2 Qc7 10. Bb3 O-O 11. Bg5 Nc6 12. Bxf6 Bxf6 13. Nd5 Bxd5 14. Bxd5 Ne7
15. Bb3 Rfc8 16. O-O Rab8 17. Rfd1 Nc6 18. c3 Na5 19. Ba2 b5 20. axb5 axb5 21.
Rd5 Nc4 22. Bxc4 bxc4 23. Rda5 Qb6 24. R1a2 Bd8 25. R5a4 Qb3 26. Ne1 Qb5 27.
Qd2 Bb6 28. Nc2 Bc5 29. Qd5 Qb6 30. Qd2 Qc6 31. Qd5 Rxb2 32. Rxb2 Qxa4 33. g3
Rf8 34. Kg2 Qa7 35. Nb4 Qa3 36. Qd2 Qa8 37. Nd5 f5 38. Ra2 Qe8 39. exf5 Rxf5
40. Ne3 Qc6+ 41. Qd5+ Qxd5+ 42. Nxd5 Rf8 43. f3 Re8 44. Re2 Ra8 45. Kh3 Ra1 46.
Kg4 Rd1 47. Nc7 Bb6 48. Nb5 Rd5 49. Na3 Ba5 50. Re3 Rc5 51. f4 exf4 52. Kxf4
Kf7 53. Rf3 Ke6 54. Ke4 Bb6 55. Rf8 d5+ 56. Kf4 Ra5 57. Nc2 Ra2 58. Re8+ Kd7
59. Re2 Kd6 60. Kf5 Ba5 61. Nd4 Rxe2 62. Nxe2 Kc5 63. Ke5 Bd8 64. h4 Bf6+ 65.
Ke6 d4 66. cxd4+ Bxd4 67. g4 c3 68. g5 c2 69. h5 Bb2 70. Kf5 Kc4 71. Ke4 c1=Q
72. Nxc1 Bxc1 73. h6 g6 0-1

[Event "Tradewise Gibraltar Masters 16th"]
[Site "Gibraltar"]
[Date "2018.01.24"]
[Round "2.115"]
[White "Mifsud, T."]
[Black "Burke, Mitchell R"]
[Result "1/2-1/2"]
[WhiteElo "2250"]
[BlackElo "1989"]
[PlyCount "60"]
[EventDate "2018.01.23"]
[EventType "swiss"]
[EventRounds "10"]
[EventCountry "GGB"]
[SourceTitle "BritBase"]
[Source "www.saund.co.uk"]
[SourceDate "2018.02.10"]
[SourceVersion "1"]
[SourceVersionDate "2018.02.10"]
[SourceQuality "1"]

1. e4 c5 2. Nf3 d6 3. Bb5+ Bd7 4. Bxd7+ Qxd7 5. c4 Nf6 6. Nc3 g6 7. d4 cxd4 8.
Nxd4 Bg7 9. b3 Nc6 10. Bb2 O-O 11. O-O a6 12. a4 e6 13. f4 Qc7 14. Nxc6 Qxc6
15. Re1 Nxe4 16. Nxe4 Bxb2 17. Ra2 d5 18. Rxb2 dxe4 19. Qd4 f5 20. h4 Rad8 21.
Qf2 Qd6 22. Re3 Qd1+ 23. Kh2 Qg4 24. Rh3 Rd3 25. Rxd3 exd3 26. Rd2 e5 27. Rxd3
Qxf4+ 28. Qxf4 exf4 29. Rd4 Re8 30. Rxf4 Re3 1/2-1/2

[Event "Tradewise Gibraltar Masters 16th"]
[Site "Gibraltar"]
[Date "2018.01.24"]
[Round "2.116"]
[White "Biegel, Thomas"]
[Black "Oglaza, Oskar"]
[Result "0-1"]
[WhiteElo "1984"]
[BlackElo "2245"]
[PlyCount "125"]
[EventDate "2018.01.23"]
[EventType "swiss"]
[EventRounds "10"]
[EventCountry "GGB"]
[SourceTitle "BritBase"]
[Source "www.saund.co.uk"]
[SourceDate "2018.02.10"]
[SourceVersion "1"]
[SourceVersionDate "2018.02.10"]
[SourceQuality "1"]

1. d4 f5 2. g3 Nf6 3. Bg2 g6 4. c3 Bg7 5. Qb3 Nc6 6. Nh3 e6 7. Nd2 O-O 8. O-O
Kh8 9. e4 fxe4 10. Nxe4 Nxe4 11. Bxe4 d5 12. Bg2 e5 13. Bg5 Qd6 14. dxe5 Nxe5
15. Bf4 c6 16. Rae1 h6 17. Re3 g5 18. Bxe5 Bxe5 19. Rfe1 Bg7 20. Re8 Bd7 21.
Rxa8 Rxa8 22. Qd1 Rf8 23. f3 b5 24. a3 a5 25. Nf2 b4 26. axb4 axb4 27. Qd2 bxc3
28. bxc3 Qc5 29. Rc1 Bf5 30. Kh1 Re8 31. Nd1 g4 32. fxg4 Bxg4 33. Nf2 Re2 34.
Nd3 Rxd2 35. Nxc5 Bxc3 36. h3 Bb2 37. Rf1 Be2 38. Rf8+ Kh7 39. Ne6 Be5 40. Nf4
Bxf4 41. gxf4 Bb5 42. f5 Kg7 43. Rd8 Rf2 44. Rd7+ Kf6 45. Rd6+ Kxf5 46. Bxd5
Ke5 47. Bxc6 Kxd6 48. Bxb5 Ke5 49. Kg1 Rb2 50. Bd7 Kf4 51. Kf1 Kg3 52. Bg4 Rb5
53. Bd7 Rd5 54. Be6 Re5 55. Bg4 h5 56. Bd7 Ra5 57. Be6 Ra1+ 58. Ke2 Kg2 59. Bf5
Ra5 60. Bc8 Re5+ 61. Kd2 Kf2 62. Bb7 Re7 63. Bc6 0-1

[Event "Tradewise Gibraltar Masters 16th"]
[Site "Gibraltar"]
[Date "2018.01.24"]
[Round "2.117"]
[White "Cramling Bellon, Anna"]
[Black "Nandhidhaa, PV."]
[Result "0-1"]
[WhiteElo "1978"]
[BlackElo "2238"]
[PlyCount "150"]
[EventDate "2018.01.23"]
[EventType "swiss"]
[EventRounds "10"]
[EventCountry "GGB"]
[SourceTitle "BritBase"]
[Source "www.saund.co.uk"]
[SourceDate "2018.02.10"]
[SourceVersion "1"]
[SourceVersionDate "2018.02.10"]
[SourceQuality "1"]

1. d4 d5 2. c4 e6 3. Nc3 Be7 4. cxd5 exd5 5. Bf4 c6 6. Qc2 Bg4 7. e3 Bh5 8. Nf3
Bg6 9. Bd3 Nd7 10. O-O Ngf6 11. h3 O-O 12. Rab1 Re8 13. b4 Rc8 14. Bxg6 hxg6
15. Qb3 Ne4 16. Nxe4 dxe4 17. Nd2 g5 18. Bg3 Nf6 19. Rfc1 Qd7 20. Qd1 Qe6 21.
Nc4 Nd5 22. b5 c5 23. Na5 cxd4 24. Qxd4 Bf6 25. Qa4 Nc3 26. Rxc3 Bxc3 27. Nxb7
Re7 28. Na5 Bxa5 29. Qxa5 Rd7 30. a4 Qa2 31. Re1 Rc4 32. b6 axb6 33. Qxb6 Qxa4
34. Qb8+ Kh7 35. Qe5 f6 36. Qf5+ Kh8 37. Qg6 Rc8 38. Qh5+ Kg8 39. Kh2 Qc4 40.
Qg4 Re7 41. Rb1 Qe6 42. Qh5 Rd7 43. Rb4 Qf5 44. Qe2 Re8 45. Rb5 Qg6 46. Qa2+
Qf7 47. Qa5 Red8 48. Rc5 Rd5 49. Qb6 Rxc5 50. Qxd8+ Kh7 51. Qd1 f5 52. f4 Rc3
53. Qe2 gxf4 54. Bxf4 Rd3 55. h4 Ra3 56. Bg5 Ra2 57. Qd1 Qg6 58. Qd5 Ra6 59.
Qd1 Qd6+ 60. Qxd6 Rxd6 61. Bf4 Rd1 62. Kg3 Kg6 63. Bg5 Rf1 64. Bf4 Kf7 65. Be5
g6 66. Kh2 Ke6 67. Bb8 Kd5 68. Kg3 Kc4 69. Bc7 Kd3 70. Bb6 Ke2 71. Bc5 Rf2 72.
Kh3 Kf1 73. Kh2 Rxg2+ 74. Kh1 Rg4 75. Be7 Kf2 0-1

[Event "Tradewise Gibraltar Masters 16th"]
[Site "Gibraltar"]
[Date "2018.01.24"]
[Round "2.118"]
[White "Serarols Mabras, Bernat"]
[Black "Vilarnovo Caamano, Jose"]
[Result "1-0"]
[WhiteElo "2235"]
[BlackElo "1981"]
[PlyCount "112"]
[EventDate "2018.01.23"]
[EventType "swiss"]
[EventRounds "10"]
[EventCountry "GGB"]
[SourceTitle "BritBase"]
[Source "www.saund.co.uk"]
[SourceDate "2018.02.10"]
[SourceVersion "1"]
[SourceVersionDate "2018.02.10"]
[SourceQuality "1"]

1. d4 e6 2. c4 f5 3. Nc3 Nf6 4. Qc2 b6 5. f3 Bb7 6. Nh3 c5 7. d5 exd5 8. cxd5
Nxd5 9. Nxd5 Bxd5 10. Qxf5 Be6 11. Qe4 Nc6 12. Ng5 Nd4 13. Nxe6 Nxe6 14. e3 Be7
15. Bc4 O-O 16. O-O Kh8 17. Rd1 Qc7 18. Bd2 Bd6 19. Qh4 Rf6 20. Bc3 Be5 21. Rd3
Bxc3 22. bxc3 Nf8 23. Qg3 Qxg3 24. hxg3 Re8 25. e4 Rc6 26. a4 a5 27. Rad1 Re7
28. Rd6 g6 29. Rxc6 dxc6 30. Rd8 Kg7 31. Rd6 Nd7 32. Be6 Nb8 33. Bc4 Rb7 34.
Rd8 Nd7 35. Ba6 Rc7 36. f4 Nf6 37. Bd3 c4 38. Bc2 Rd7 39. Rxd7+ Nxd7 40. Kf2 b5
41. Ke3 Kf6 42. g4 Ke6 43. axb5 cxb5 44. Kd4 a4 45. Bb1 Kd6 46. e5+ Kc6 47.
Be4+ Kb6 48. f5 a3 49. Bb1 g5 50. e6 Nf6 51. Ke5 Nxg4+ 52. Kd6 b4 53. e7 Nf6
54. Ke6 Ne8 55. f6 b3 56. f7 Ng7+ 1-0

[Event "Tradewise Gibraltar Masters 16th"]
[Site "Gibraltar"]
[Date "2018.01.24"]
[Round "2.119"]
[White "Bozinovic, Boban"]
[Black "Maisuradze, Nino"]
[Result "0-1"]
[WhiteElo "1972"]
[BlackElo "2234"]
[PlyCount "66"]
[EventDate "2018.01.23"]
[EventType "swiss"]
[EventRounds "10"]
[EventCountry "GGB"]
[SourceTitle "BritBase"]
[Source "www.saund.co.uk"]
[SourceDate "2018.02.10"]
[SourceVersion "1"]
[SourceVersionDate "2018.02.10"]
[SourceQuality "1"]

1. e4 c5 2. Nf3 e6 3. d4 cxd4 4. Nxd4 a6 5. Nc3 b5 6. a3 Bb7 7. Bd3 Nc6 8. Nxc6
Bxc6 9. O-O Qc7 10. Be3 Nf6 11. Re1 Bd6 12. h3 O-O 13. Bg5 Be5 14. Qe2 Kh8 15.
Rad1 Rg8 16. Bc1 g5 17. g3 Rg7 18. g4 h5 19. Qf3 Rag8 20. Qg2 Rh7 21. Re3 Bf4
22. Rf3 hxg4 23. hxg4 Bxc1 24. Rxc1 Nxg4 25. Rh3 Nf6 26. Rxh7+ Nxh7 27. Qh2
Qxh2+ 28. Kxh2 f6 29. Kg3 Kg7 30. Ne2 Rb8 31. Nd4 Nf8 32. f4 gxf4+ 33. Kxf4 e5+
0-1

[Event "Tradewise Gibraltar Masters 16th"]
[Site "Gibraltar"]
[Date "2018.01.24"]
[Round "2.120"]
[White "Kvisla, Johannes Luangtep"]
[Black "Van De Groep, William"]
[Result "1-0"]
[WhiteElo "2234"]
[BlackElo "1972"]
[PlyCount "85"]
[EventDate "2018.01.23"]
[EventType "swiss"]
[EventRounds "10"]
[EventCountry "GGB"]
[SourceTitle "BritBase"]
[Source "www.saund.co.uk"]
[SourceDate "2018.02.10"]
[SourceVersion "1"]
[SourceVersionDate "2018.02.10"]
[SourceQuality "1"]

1. Nf3 f5 2. d3 d6 3. e4 e5 4. Nc3 c5 5. g3 Nc6 6. Bg2 Nf6 7. Bg5 Be7 8. Bxf6
Bxf6 9. Nd5 O-O 10. c3 Kh8 11. Nd2 Bg5 12. h4 Bxd2+ 13. Qxd2 fxe4 14. dxe4 Be6
15. Qg5 Qd7 16. Rd1 b5 17. O-O Rab8 18. Qc1 b4 19. Rd2 Bh3 20. Ne3 Bxg2 21.
Kxg2 Qc7 22. Qd1 Rbd8 23. Qe2 bxc3 24. bxc3 Ne7 25. Rfd1 Nc8 26. Nc4 Qe7 27.
Qh5 g6 28. Qg5 Qb7 29. f3 Rde8 30. Nxd6 Nxd6 31. Rxd6 Qf7 32. Qe3 Qxa2+ 33.
R1d2 Qa1 34. Qxc5 Qe1 35. Rd7 Rxf3 36. Kxf3 Qh1+ 37. Ke2 Qxe4+ 38. Qe3 Qc4+ 39.
Ke1 Qc6 40. Rd8 Qh1+ 41. Ke2 Qg2+ 42. Kd1 Qf1+ 43. Kc2 1-0

[Event "Tradewise Gibraltar Masters 16th"]
[Site "Gibraltar"]
[Date "2018.01.24"]
[Round "2.121"]
[White "Edvardsen, Ragnar"]
[Black "Paramzina, Anastasya"]
[Result "0-1"]
[WhiteElo "1968"]
[BlackElo "2225"]
[PlyCount "74"]
[EventDate "2018.01.23"]
[EventType "swiss"]
[EventRounds "10"]
[EventCountry "GGB"]
[SourceTitle "BritBase"]
[Source "www.saund.co.uk"]
[SourceDate "2018.02.10"]
[SourceVersion "1"]
[SourceVersionDate "2018.02.10"]
[SourceQuality "1"]

1. e4 c5 2. Nf3 d6 3. d4 cxd4 4. Nxd4 Nf6 5. Nc3 a6 6. Bg5 Nbd7 7. Bc4 Qb6 8.
Bb3 e6 9. Qd2 Be7 10. O-O-O Nc5 11. Rhe1 O-O 12. f4 h6 13. Bxf6 Bxf6 14. Kb1
Nxb3 15. Nxb3 Rd8 16. g4 Bd7 17. g5 hxg5 18. fxg5 Be5 19. Qg2 Rac8 20. Rd3 a5
21. g6 a4 22. gxf7+ Kf8 23. Rh3 axb3 24. axb3 Bf6 25. Rf1 Qd4 26. Qg6 Ke7 27.
Rh5 Rxc3 28. bxc3 Qxc3 29. e5 Bxe5 30. Rxe5 Qxe5 31. Qh7 Rf8 32. Qh4+ g5 33.
Qh6 Bb5 34. c4 Bc6 35. Qh5 Be4+ 36. Kc1 Qa1+ 37. Kd2 Qxf1 0-1

[Event "Tradewise Gibraltar Masters 16th"]
[Site "Gibraltar"]
[Date "2018.01.24"]
[Round "2.122"]
[White "Ansari, Athar"]
[Black "Estrada Nieto, Julian"]
[Result "0-1"]
[WhiteElo "1919"]
[BlackElo "2222"]
[PlyCount "108"]
[EventDate "2018.01.23"]
[EventType "swiss"]
[EventRounds "10"]
[EventCountry "GGB"]
[SourceTitle "BritBase"]
[Source "www.saund.co.uk"]
[SourceDate "2018.02.10"]
[SourceVersion "1"]
[SourceVersionDate "2018.02.10"]
[SourceQuality "1"]

1. e4 e5 2. Nf3 Nc6 3. Bc4 Bc5 4. b4 Bxb4 5. c3 Be7 6. d4 Na5 7. Bxf7+ Kxf7 8.
Nxe5+ Kf8 9. Qf3+ Nf6 10. g4 d6 11. g5 dxe5 12. gxf6 Bxf6 13. dxe5 Nc4 14. Ba3+
Kg8 15. exf6 Qxf6 16. Qxf6 gxf6 17. Bc5 b6 18. Bd4 Kf7 19. Nd2 Ba6 20. Nxc4
Bxc4 21. f3 c5 22. Be3 Rad8 23. Kf2 Rd3 24. Rhd1 Rhd8 25. Rxd3 Rxd3 26. Rc1 Ke6
27. a4 Kd6 28. Bf4+ Kc6 29. Rg1 Bb3 30. Rg7 Rd7 31. Rg3 Bxa4 32. Rg8 Bb3 33.
Rf8 Rf7 34. Rd8 Kb5 35. Bd2 a5 36. Ke3 Kc4 37. f4 Ba4 38. Rd6 b5 39. Ra6 Bc2
40. f5 a4 41. Kf4 a3 42. Rxa3 Re7 43. Ra6 Rxe4+ 44. Kf3 Re5 45. Rxf6 Rxf5+ 46.
Rxf5 Bxf5 47. Ke2 Bg4+ 48. Ke3 Kb3 49. Be1 Kc2 50. Kf4 Be2 51. Ke5 Kd1 52. Bf2
b4 53. cxb4 cxb4 54. Kd4 Kc2 0-1

[Event "Tradewise Gibraltar Masters 16th"]
[Site "Gibraltar"]
[Date "2018.01.24"]
[Round "2.123"]
[White "Midonet, Matthieu"]
[Black "Helin, Mikael"]
[Result "1-0"]
[WhiteElo "2213"]
[BlackElo "1962"]
[PlyCount "69"]
[EventDate "2018.01.23"]
[EventType "swiss"]
[EventRounds "10"]
[EventCountry "GGB"]
[SourceTitle "BritBase"]
[Source "www.saund.co.uk"]
[SourceDate "2018.02.10"]
[SourceVersion "1"]
[SourceVersionDate "2018.02.10"]
[SourceQuality "1"]

1. Nf3 d6 2. d4 Nd7 3. e4 e5 4. Bc4 h6 5. dxe5 Qe7 6. e6 fxe6 7. O-O e5 8. Nc3
c6 9. a4 a5 10. Be3 g5 11. Ne2 Ngf6 12. Ng3 Ng4 13. Nf5 Nxe3 14. fxe3 Qf6 15.
Nd2 Qg6 16. Bf7+ Qxf7 17. Nxd6+ Bxd6 18. Rxf7 Kxf7 19. Nc4 Bc5 20. Nd6+ Ke6 21.
Nf5 Nf6 22. Qd3 b6 23. Qb3+ Nd5 24. Rf1 Rh7 25. exd5+ cxd5 26. Qd3 e4 27. Qc3
Raa7 28. Nd4+ Kd7 29. Nb5 Ra8 30. Qe5 Bxe3+ 31. Kh1 Bf4 32. Qxd5+ Ke8 33. Qxe4+
Kf7 34. Qxh7+ Kf6 35. Qe4 1-0

[Event "Tradewise Gibraltar Masters 16th"]
[Site "Gibraltar"]
[Date "2018.01.24"]
[Round "2.124"]
[White "Chibnall, Alana"]
[Black "Van Zyl-Rudd, Jack"]
[Result "1-0"]
[WhiteElo "1906"]
[BlackElo "2197"]
[PlyCount "53"]
[EventDate "2018.01.23"]
[EventType "swiss"]
[EventRounds "10"]
[EventCountry "GGB"]
[SourceTitle "BritBase"]
[Source "www.saund.co.uk"]
[SourceDate "2018.02.10"]
[SourceVersion "1"]
[SourceVersionDate "2018.02.10"]
[SourceQuality "1"]

1. e4 c5 2. Nf3 e6 3. d4 cxd4 4. Nxd4 Nf6 5. Nc3 d6 6. Be2 a6 7. Be3 Be7 8. O-O
O-O 9. Kh1 Qc7 10. f4 b5 11. a3 Bb7 12. Bf3 Nbd7 13. Qe1 Nb6 14. Rd1 d5 15. e5
Nfd7 16. Qg3 Nc4 17. Bc1 Rac8 18. Bg4 Nc5 19. b4 Ne4 20. Nxe4 dxe4 21. Bxe6
Rce8 22. Nf5 g6 23. Rd7 Qc6 24. Nxe7+ Rxe7 25. Rxe7 fxe6 26. Qh3 h5 27. Rxe6
1-0